Counseling the handicapped in the rehabilitation process.

Bibliographic Details
Main Author: Hamilton, Kenneth W.
Format: Book
Language:English
Published: New York : Ronald Press Co., [1950]
Subjects:

MARC

Tag First Indicator Second Indicator Subfields
LEADER 00000cam a2200000 4500
001 in00000077377
005 20151008052732.0
008 750305s1950 nyu b 00000 eng u
010 |a  50007696  
035 |a (OCoLC)01200509 
035 |9 AAH4671AM 
040 |c ORL  |d TXA  |d UtOrBLW 
049 |a TXAM  |c [202050] 
050 0 |a HD7255  |b .H26 
082 0 |a 331.86 
092 |a 331.86  |b H218c 
100 1 |a Hamilton, Kenneth W. 
245 1 0 |a Counseling the handicapped in the rehabilitation process. 
264 1 |a New York :  |b Ronald Press Co.,  |c [1950] 
300 |a vi, 296 pages :  |b illustrations ;  |c 21 cm. 
336 |a text  |b txt  |2 rdacontent 
337 |a unmediated  |b n  |2 rdamedia 
338 |a volume  |b nc  |2 rdacarrier 
504 |a Bibliography: pages 283-290. 
650 0 |a Rehabilitation. 
999 |a MARS 
999 f f |s d52707fc-073c-3d80-8172-3114ee4a1ff1  |i 0cfb6122-e6e6-38b9-bcd3-a1efef2607fb  |t 0 
952 f f |p ric  |a Texas A&M University  |b Rellis Campus  |c Joint Library Facility  |d Remote Storage  |t 0  |e HD7255 .H26  |h Library of Congress classification  |i unmediated -- volume  |m A14800722722 
998 f f |a HD7255 .H26  |t 0  |l Remote Storage